Central Library OPAC University of Rajshahi

International Symposium on Vaccination Against Communicable Diseases : (Record no. 13267)

MARC details
000 -LEADER
fixed length control field 01274cam a22003012 4500
001 - CONTROL NUMBER
control field 13267
003 - CONTROL NUMBER IDENTIFIER
rucl marc code BD-RjUL
005 - DATE AND TIME OF LATEST TRANSACTION
control field 20211208235429.0
008 - FIXED-LENGTH DATA ELEMENTS--GENERAL INFORMATION
fixed length control field 140130t1973 sz a b 101 0 eng d
035 ## - SYSTEM CONTROL NUMBER
System control number (BD-RjUL)13318
040 ## - CATALOGING SOURCE
Original cataloging agency FCR
Transcribing agency FCR
Modifying agency OCL
-- EQO
Language of cataloging eng
041 ## - LANGUAGE CODE
Language code of text/sound track or separate title eng
082 04 - DEWEY DECIMAL CLASSIFICATION NUMBER
Edition number 16
Classification number 614.47
Author mark and year INT 1973
096 ## - LOCALLY ASSIGNED NLM-TYPE CALL NUMBER (OCLC)
Classification number QW 805 .I615 1973
245 00 - TITLE STATEMENT
Title International Symposium on Vaccination Against Communicable Diseases :
Statement of responsibility, etc. acting editor: F.T. Perkins.
Remainder of title proceedings of the 45th symposium organized by the International Association of Biological Standardization and held at the International Convention Centre, Monaco, 14-17 March 1973 /
260 ## - PUBLICATION, DISTRIBUTION, ETC. (IMPRINT)
Place of publication, distribution, etc. Basel ;
-- New York :
Name of publisher, distributor, etc. distributed by S. Karger,
Date of publication, distribution, etc. c1973.
300 ## - PHYSICAL DESCRIPTION
Pagination xiii, 407 p. :
Illustrations ill. ;
Size 23 cm.
490 1# - SERIES STATEMENT
Series statement Symposia series in immunological standardization ;
Volume/sequential designation v. 22
504 ## - BIBLIOGRAPHY, ETC. NOTE
Bibliography, etc Includes bibliographical references and index.
650 #2 - SUBJECT ADDED ENTRY--TOPICAL TERM
Topical term or geographic name as entry element Vaccination
General subdivision congresses
9 (RLIN) 41321
Topical term or geographic name as entry element Vaccines
General subdivision congresses
9 (RLIN) 41322
Topical term or geographic name as entry element Immunity
General subdivision congresses
9 (RLIN) 41323
700 1# - ADDED ENTRY--PERSONAL NAME
Personal name Perkins, F. T.
710 2# - ADDED ENTRY--CORPORATE NAME
Corporate name or jurisdiction name as entry element International Association of Biological Standardization.
9 (RLIN) 41326
830 #0 - SERIES ADDED ENTRY--UNIFORM TITLE
Volume number/sequential designation v. 22
830 #0 - SERIES ADDED ENTRY--UNIFORM TITLE
Uniform title Symposia series in immunological standardization ;
942 ## - ADDED ENTRY ELEMENTS (KOHA)
Source of classification or shelving scheme Dewey Decimal Classification
Koha item type Books
Holdings
Lost status Source of classification or shelving scheme Damaged status Not for loan Collection code Permanent Location Current Location Shelving location Date acquired Source of acquisition Total Checkouts Full call number Date last seen Copy number Koha item type
  Dewey Decimal Classification   Not For Loan Non-fiction Central Library, University of Rajshahi Central Library, University of Rajshahi Reading Room 24/01/1991 Canadian gov. gift   614.47 INT 1973 30/01/2014 C-1 Books